000 01246cam a22003257a 4500
005 20220817043044.0
008 971010s1990 r 00010 d
010 _a64163
011 _a65135
035 _a71383
090 _aTesis
100 0 0 _aGarcía López, Ciriaco.
_946206
245 0 _aMonografía del área de influencia de la agencia Ameca de los Fideicomisos Instituídos en Relación con la Agricultura
260 _aChapingo, Méx. :
_bEl autor,
_c1990
300 _a119 h
502 _aTesis (Ing. Agr. Esp. en Suelos) -- UACH. Departamento de Suelos
590 _aALEPH
_b10
_c20130110
_lUCH01
_h1350
590 _aBATCH-UPD
_b10
_c20130109
_lUCH01
_h2351
590 _aBATCH-UPD
_b10
_c20130110
_lUCH01
_h0950
590 _aBATCH-UPD
_b10
_c20130409
_lUCH01
_h1922
590 _aBATCH-UPD
_b10
_c20130410
_lUCH01
_h0604
590 _aBATCH-UPD
_b10
_c20130914
_lUCH01
_h1059
590 _aCONVERSION
_b10
_c20130109
_lUCH01
_h1335
650 1 4 _aAgricultura
_xAspectos económicos.
650 1 4 _aAgricultura
_xAspectos economicos
_xJalisco.
_91263
650 1 4 _aCrédito agrícola.
_929022
710 0 _aFideicomisos Instituídos en Relación con la Agricultura. México.
_940733
901 _aBK
949 _bS
_cTES
_d-4002
_eTS1
_i71383
_si
999 _c64163
_d64163